00609cam a2200205 a 450000100100000000500170001000800410002702000150006804000250008308200180010810000260012624500620015226000290021430000210024349000230026450000430028765000220033065000260035283000250037800000935720200929161551.0950327s1993 sp 000 0 spa  a8486778956 aDO-SdBNPbspacBNPHU a863.44bT656c1 aTomeo, Javier,d1931-13aEl cazador /cJavier Tomeo ; prólogo de Ramón Acín. aZaragoza :bMira,c1993. a108 p. ;c21 cm.0 aNarrativa Mirav18 aIncluye datos biografícos del autor. 4aNovela española 4aLiteratura española 0aNarrativa Mira ;n18